000 01028 a2200205 4500
001 57082
005 20260407155833.0
008 260407a1966 arg spa d
003 AR-UNSa-BCEJYS
040 _aAR-UNSa-BCEJYS
_bspa
_cAR-UNSa-BCEJYS
080 _a622
_xMinería
245 1 0 _aLos Minerales y el Hombre
_puna exploración del reino de los minerales y su influencia en el mundo
264 1 _aMéxico :
_bLimusa-Wiley
_c1966
300 _a220 p.
_c18 cm.
505 _aPrimera Parte: EL PAPEL DE LOS MINERALES EN LA SOCIEDAD MODERNA: 1. Introducción al mudo de los minerales – 2. Lo que debemos saber acerca de la provisión de minerales - - Segunda Parte: ESTUDIOS SOBRE LOS PRODUCTOS MINERALES: 3. La industria siderúrgica – 4. Los metales base – 5. Los metales ligeros – 6. Minerales y rocas industriales - - Tercera Parte: RECAPITULACION: 7. ¿Cómo debemos razonar acerca de los minerales
041 _aspa
942 _cBK
590 _aniveau_biblio:m niveau_hierar:0
100 1 _aMc Divitt, James F.
999 _c6110
_d6110